000 00617nam a2200229Ia 4500
003 OSt
005 20220924130116.0
006 a|||||r|||| 00| 0
007 ta
008 220923b |||||||| |||| 00| 0 per d
024 _a328114
037 _cTextual
040 _aARTS
_cARTS
_bper
041 _2per
_aper
082 _aO164,1N26x, L4
100 _aShamlu Ahmad Au.
_9198992
245 0 _aAz hawa-o-aaina ha
260 _aTehran
_bMaidan-e-shahnaz Iran
_c1974
650 _aPERSIAN POETRY
942 _hO164,1N26x, L4
_cTEXL
_2CC
999 _c424099
_d424099